| 000 | 00846nam a22002297a 4500 | ||
|---|---|---|---|
| 003 | OSt | ||
| 005 | 20251203122728.0 | ||
| 008 | 251203b |||||||| |||| 00| 0 eng d | ||
| 020 | _a9789710655847 | ||
| 040 |
_aDWCL - Main _cOC |
||
| 082 | _aRes. 899.211 M298p 2022 | ||
| 100 |
_aMarasigan, Emily V. _eAuthor |
||
| 245 |
_aPinagyamang pluma 10 : _bwika at panitikan para sa mataas na paaralan ; aklat 2 / _cEmily V. Marasigan [and two others] |
||
| 250 | _a3rd edition | ||
| 260 |
_aQuezon City, Philippines: _bPhoenix Publishing House, _cc2022 |
||
| 300 |
_aviii, 877 pages: _billustrations; _c25 cm. |
||
| 504 | _aIncludes bibliographical references and index | ||
| 650 | _a1. El Filibusterismo -- study and teaching. | ||
| 700 |
_aLontoc, Nestor S. _eAuthor |
||
| 700 |
_aBaisa-Julian, Ailene G. _eAuthor |
||
| 942 |
_2ddc _cBK-0 CIRC _n0 |
||
| 999 |
_c6758 _d6758 |
||